00525nam a22001817a 450000500170000000800410001704000070005804100120006508200200007710000170009724500480011426000330016230000280019536500300022365000470025370000190030070000240031920220512125019.0220512b ||||| |||| 00| 0 eng d cAL aEnglish 223a861.6bNERR aPablo Neruda aResidence on Earth: Residencia en la tierra aNew DelhibRupa and Coc1993 av,359 p.bPBc20x13 cm. b₹100.00c₹d₹100.00 aChilean poetry--Translations into English. aNERUDA (Pablo) aWALSH (Donald D) Tr